[Event "Niksic"]
[Site "Niksic"]
[Date "1978.??.??"]
[Round "4"]
[White "Timman, Jan H"]
[Black "Gulko, Boris F"]
[Result "1/2-1/2"]
[WhiteElo "2585"]
[BlackElo "2565"]

1.d4 e6 2.Nf3 Nf6 3.c4 b6 4.g3 Ba6 5.Qa4 c6 6.Nc3 b5 7.cxb5 cxb5 8.Nxb5 Qb6
9.e3 Bb7 10.Be2 Bc6 11.Qc4 Qb7 12.O-O Bxf3 13.Bxf3 Qxf3 14.Qc8+ Ke7 15.Qc5+ Kd8
16.Qc7+ Ke7 17.Qc5+  1/2-1/2

[Event "Niksic"]
[Site "Niksic"]
[Date "1978.??.??"]
[Round "7"]
[White "Vaganian, Rafael A"]
[Black "Timman, Jan H"]
[Result "0-1"]
[WhiteElo "2555"]
[BlackElo "2585"]

1.Nf3 g6 2.c4 Bg7 3.Nc3 c5 4.g3 b6 5.Bg2 Bb7 6.O-O Nf6 7.d4 Ne4 8.Nxe4 Bxe4
9.d5 O-O 10.Ne1 Bxg2 11.Kxg2 b5 12.cxb5 Qb6 13.Qa4 Qb7 14.Qc4 d6 15.a4 a6
16.Ra3 axb5 17.axb5 Nd7 18.e4 Rxa3 19.bxa3 Rb8 20.Bg5 h6 21.Bd2 Qxb5 22.Qxb5 Rxb5
23.a4 Rb2 24.Nf3 Nb6 25.a5 Nc4 26.Rd1 Ra2 27.Kf1 Nxd2+ 28.Rxd2 Rxa5 29.Rc2 Ra4
30.Nd2 f5 31.f3 Kf7 32.Nc4 Bd4 33.Ke2 Kf6 34.Kd3 Rb4 35.Nd2 Bg1 36.h3 Bf2
37.Nf1 Rb3+ 38.Kc4 Rb4+ 39.Kd3 fxe4+ 40.fxe4 Bd4 41.Nd2 Be5 42.g4 Rd4+ 43.Ke3 g5  0-1

[Event "Niksic"]
[Site "Niksic"]
[Date "1978.??.??"]
[Round "8"]
[White "Timman, Jan H"]
[Black "Gligoric, Svetozar"]
[Result "1/2-1/2"]
[WhiteElo "2585"]
[BlackElo "2565"]

1.d4 d5 2.c4 e6 3.Nc3 c5 4.cxd5 exd5 5.Nf3 Nc6 6.g3 Nf6 7.Bg2 Be7 8.O-O O-O
9.Bg5 cxd4 10.Nxd4 h6 11.Be3 Re8 12.Rc1 Bf8 13.Nxc6 bxc6 14.Na4 Ng4 15.Bc5 Bxc5
16.Nxc5 Qf6 17.h3 Ne5 18.e4 Rb8 19.b3 Rb5 20.exd5 cxd5 21.Re1 g5 22.Qxd5 Bb7
23.Ne4 Nf3+ 24.Kh1 Rxe4 25.Qxb5 Nxe1 26.Qxb7 Re2 27.Qxa7 Nc2 28.Kg1 Nd4 29.Rf1 Rb2
30.a4 Rxb3 31.a5 Kg7 32.Rd1 Rb4 33.a6 Ne2+ 34.Kh2 Rb6 35.Rd7 Rxa6 36.Qe3 Re6
37.Qf3  1/2-1/2

[Event "Niksic"]
[Site "Niksic"]
[Date "1978.??.??"]
[Round "10"]
[White "Ljubojevic, Ljubomir"]
[Black "Timman, Jan H"]
[Result "1/2-1/2"]
[WhiteElo "2605"]
[BlackElo "2585"]

1.e4 d6 2.d4 Nf6 3.Nc3 g6 4.f4 Bg7 5.Nf3 c5 6.dxc5 Qa5 7.Bd3 Qxc5 8.Qe2 O-O
9.Be3 Qa5 10.O-O Bg4 11.a3 Nc6 12.Kh1 Nd7 13.Qe1 Nc5 14.b4 Nxd3 15.cxd3 Qd8
16.Rc1 Bxf3 17.Rxf3 e6 18.Ne2 a6 19.d4 Ne7 20.Bf2 f5 21.Nc3 Qd7 22.d5 e5
23.exf5 Nxf5 24.fxe5 Bxe5 25.Ne4 Rae8 26.h3 Bg7 27.Qe2 Re5 28.Qd3 Rfe8 29.Nc3 Bh6  1/2-1/2

[Event "Breda m"]
[Site "Breda"]
[Date "1979.??.??"]
[Round "2"]
[White "Polugaevsky, Lev"]
[Black "Timman, Jan H"]
[Result "1/2-1/2"]
[WhiteElo "2625"]
[BlackElo "2625"]

1.d4 Nf6 2.c4 e6 3.Nf3 b6 4.g3 Ba6 5.b3 Bb4+ 6.Bd2 Be7 7.Bg2 c6 8.O-O d5
9.Nc3 O-O 10.Bf4 Nbd7 11.Qd3 c5 12.a4 cxd4 13.Nxd4 Rc8 14.Ndb5 e5 15.Bg5 d4
16.Bxf6 Nxf6 17.Nd5 Nxd5 18.Bxd5 Bxb5 19.axb5 Rc7 20.Ra4 Bd6 21.Rfa1 Qe7
22.Qd2 Rd7 23.Bc6 Rc7 24.Bd5 Rd7 25.Bc6 Rc7  1/2-1/2

[Event "Breda m"]
[Site "Breda"]
[Date "1979.??.??"]
[Round "3"]
[White "Timman, Jan H"]
[Black "Polugaevsky, Lev"]
[Result "1/2-1/2"]
[WhiteElo "2625"]
[BlackElo "2625"]

1.c4 c5 2.Nf3 Nf6 3.Nc3 Nc6 4.g3 d5 5.cxd5 Nxd5 6.Bg2 g6 7.O-O Bg7 8.Ng5 e6
9.Nge4 b6 10.Qa4 Bd7 11.Nxd5 exd5 12.Nc3 Ne7 13.Qf4 Bc6 14.b4 O-O 15.bxc5 d4
16.Ne4 f5 17.Ng5 Bxg2 18.Kxg2 h6 19.Nf3 bxc5 20.d3 Nd5 21.Qd2 Re8 22.Bb2 Nc3
23.Bxc3 dxc3 24.Qc2 Qd5 25.Rfe1 Rab8 26.e4 Qc6 27.Rab1 Rxb1 28.Rxb1 fxe4
29.dxe4 Rxe4 30.Rb8+ Kh7 31.Rc8 Qxc8 32.Qxe4 Qf5 33.Qxf5 gxf5 34.Ne1 Kg6
35.Kf3 Bd4 36.Ke2 Kf6 37.f3 Be5 38.Kd3 h5 39.Ng2 Ke6 40.Kc2 Kf6 41.h3 Bxg3
42.Kxc3 Ke5 43.Kc4 Bf2 44.h4 a6 45.Kd3 Bg3 46.Kc4 Kd6 47.Ne3 Ke5 48.Ng2 Bf2
49.Kd3 Bd4 50.Kc4 Bg1 51.Kc3 Bf2 52.Kd3  1/2-1/2

[Event "Breda m"]
[Site "Breda"]
[Date "1979.??.??"]
[Round "4"]
[White "Polugaevsky, Lev"]
[Black "Timman, Jan H"]
[Result "1/2-1/2"]
[WhiteElo "2625"]
[BlackElo "2625"]

1.d4 Nf6 2.c4 g6 3.Nc3 d5 4.Bf4 Bg7 5.e3 c5 6.dxc5 Qa5 7.Rc1 Ne4 8.cxd5 Nxc3
9.Qd2 Qxa2 10.bxc3 Qa5 11.Nf3 Nd7 12.Nd4 Nxc5 13.Bc4 Bd7 14.O-O O-O 15.Qb2 Rfc8
16.Be2 b6 17.c4 e5 18.dxe6 Nxe6 19.Bd6 Bc6 20.Rfd1 Qg5 21.Bg3 Nxd4 22.exd4 Rd8
23.h4 Qh6 24.Bf1 Qh5 25.Be2 Qf5 26.Be5 Bxe5 27.dxe5 Rxd1+ 28.Rxd1 Re8 29.Rd6 Qxe5
30.Qxe5 Rxe5 31.Rxc6 Rxe2 32.c5 Rc2 33.Rc7 Rc1+ 34.Kh2 Rxc5 35.Rxa7 Rc4 36.Kh3 b5
37.Rb7 Rc5 38.g4 h6 39.f3 Kg7 40.Rb6 Kf8 41.Rb7 Kg7 42.Rb6 h5 43.Kg3 hxg4
44.fxg4 Rc3+ 45.Kg2 Rb3 46.g5 Kf8 47.Rb7 b4 48.Kf2 Rb1 49.Kg2 b3 50.Kh2 b2
51.Kg2 Ke8 52.Rb8+ Kd7 53.Rb7+ Kc6 54.Rb8 Kd5 55.Rb7 Ke5 56.Re7+ Kd6 57.Rb7 Ke6
58.Kh2 Ke5 59.Kg2 f5 60.gxf6 Kxf6  1/2-1/2

[Event "Breda m"]
[Site "Breda"]
[Date "1979.??.??"]
[Round "5"]
[White "Timman, Jan H"]
[Black "Polugaevsky, Lev"]
[Result "1/2-1/2"]
[WhiteElo "2625"]
[BlackElo "2625"]

1.c4 c5 2.Nf3 Nf6 3.Nc3 Nc6 4.d4 cxd4 5.Nxd4 e6 6.g3 Bc5 7.Nb3 Bb4 8.Bg2 d5
9.O-O dxc4 10.Nd2 O-O 11.Nxc4 Qe7 12.Be3 Rd8 13.Qb3 Nd5 14.Rfd1 Nxe3 15.Rxd8+ Nxd8
16.Nxe3 Bxc3 17.Qxc3 Bd7 18.Rd1 Bc6 19.Nc4 Bxg2 20.Kxg2 Nc6 21.Nd6 Rd8 22.Qc5 h6
23.b4 Qg5  1/2-1/2

[Event "Breda m"]
[Site "Breda"]
[Date "1979.??.??"]
[Round "7"]
[White "Timman, Jan H"]
[Black "Polugaevsky, Lev"]
[Result "1/2-1/2"]
[WhiteElo "2625"]
[BlackElo "2625"]

1.c4 c5 2.Nf3 Nf6 3.g3 d5 4.cxd5 Nxd5 5.Bg2 Nc6 6.d4 cxd4 7.Nxd4 Ndb4 8.Nxc6 Qxd1+
9.Kxd1 Nxc6 10.Bxc6+ bxc6 11.Nc3 e5 12.Be3 Bb4 13.Na4 O-O 14.a3 Be7 15.f3 Be6
16.Nc5 Rfd8+ 17.Ke1 Bd5 18.Kf2 a5 19.Rhc1 f6 20.Na4 Rdb8 21.Bc5 Bd8 22.Bd6 Rb7
23.Rc3 e4 24.Nc5 Bb6 25.fxe4 Bxe4 26.Re3 Bxc5 27.Bxc5  1/2-1/2

[Event "Montreal"]
[Site "Montreal"]
[Date "1979.??.??"]
[Round "16"]
[White "Larsen, Bent"]
[Black "Timman, Jan H"]
[Result "1/2-1/2"]
[WhiteElo "2620"]
[BlackElo "2625"]

1.c4 e6 2.Nc3 b6 3.d4 Bb4 4.Qd3 Nf6 5.e4 c5 6.dxc5 Bb7 7.e5 Ne4 8.Ne2 Qh4
9.Be3 Nxc5 10.Qd4 Be4 11.Ng3 Nc6 12.Qd2 Bg6 13.Bg5 Qd4 14.Qxd4 Nxd4 15.Rc1 Na4
16.Bd2 Nxb2 17.Nce4 Bxd2+ 18.Kxd2 Na4 19.c5 Nxc5 20.Nxc5 bxc5 21.Rxc5 Ke7
22.Kc3 Nf5 23.Nxf5+ Bxf5 24.Ba6 Be4 25.Kd4 Bd5 26.Bc4 Bxc4 27.Rxc4 Rhc8 28.Rhc1 Rxc4+
29.Rxc4 Rb8 30.Ra4 Rb2 31.Ke3 Rb5 32.Rxa7 Rxe5+ 33.Kd2 Rd5+ 34.Ke3 h5 35.a4 Kd6
36.Ra8 g5 37.a5 Kc7 38.f3 Kb7 39.Rd8 g4 40.fxg4 hxg4 41.Kf4 f5 42.h4 gxh3
43.gxh3 Rxa5 44.Rxd7+ Kc6 45.Rd1 Rd5 46.Ra1 Rd4+ 47.Kg5 Kd5 48.Rg1 f4 49.h4 e5
50.h5 Ke6 51.h6 Rd8 52.h7 Rh8 53.Kh6 f3 54.Rg8 Rxh7+ 55.Kxh7 Kf5 56.Kh6 Kf4
57.Kh5 f2 58.Rf8+ Kg3 59.Rg8+ Kf3 60.Rf8+ Kg2 61.Rg8+ Kh2  1/2-1/2

[Event "IBM"]
[Site "Amsterdam"]
[Date "1980.??.??"]
[Round "?"]
[White "Dolmatov, Sergey"]
[Black "Timman, Jan H"]
[Result "1/2-1/2"]
[WhiteElo "2535"]
[BlackElo "2600"]

1.e4 e5 2.Nf3 Nc6 3.Bc4 Nf6 4.d3 Be7 5.Bb3 O-O 6.O-O d6 7.c3 Na5 8.Bc2 c5
9.Nbd2 Nc6 10.Re1 Qc7 11.Nf1 Be6 12.Ng3 d5 13.h3 Rad8 14.Qe2 d4 15.c4 g6
16.Bh6 Rfe8 17.Qd2 Bf8 18.Bxf8 Rxf8 19.Qh6 Nb4 20.Rec1 Rfe8 21.Ng5 Qd6 22.a3 Nxc2
23.Rxc2 Bd7 24.b4 Qf8 25.Qxf8+ Kxf8 26.Nf3 Rc8 27.Nd2 Ke7 28.Rf1 b6 29.Ne2 Be6
30.f4 exf4 31.Nxf4 Nd7 32.Rb2 g5 33.Nd5+ Kd6 34.Nf6 Nxf6 35.Rxf6 h5 36.Nf1 Ke5
37.Rff2 b5 38.Nd2 bxc4 39.Nxc4+ Bxc4 40.Rf5+ Kd6 41.dxc4 Rxe4 42.Rd5+ Ke6
43.bxc5 d3 44.Rb7 f6 45.Rxa7 Rxc4 46.Rd6+ Kf5 47.Rf7 Rc3 48.Rfxf6+ Ke5 49.Rfe6+ Kf5  1/2-1/2

[Event "IBM"]
[Site "Amsterdam"]
[Date "1980.??.??"]
[Round "?"]
[White "Hort, Vlastimil"]
[Black "Timman, Jan H"]
[Result "1/2-1/2"]
[WhiteElo "2595"]
[BlackElo "2600"]

1.Nf3 Nf6 2.c4 b6 3.b3 e6 4.Bb2 Bb7 5.e3 Be7 6.Be2 O-O 7.O-O d5 8.Nc3 dxc4
9.Bxc4 a6 10.d4 Nbd7 11.a4 c5 12.Qe2 cxd4 13.exd4 Bb4 14.Rac1 Nh5  1/2-1/2

[Event "IBM"]
[Site "Amsterdam"]
[Date "1980.??.??"]
[Round "?"]
[White "Larsen, Bent"]
[Black "Timman, Jan H"]
[Result "0-1"]
[WhiteElo "2585"]
[BlackElo "2600"]

1.c4 e5 2.g3 Nf6 3.Bg2 d5 4.cxd5 Nxd5 5.Nc3 Nb6 6.d3 Be7 7.Nf3 Nc6 8.O-O O-O
9.a3 Be6 10.b4 f6 11.Bb2 Qe8 12.Nd2 Qf7 13.Rc1 Rfd8 14.Nb5 Bd5 15.Bxd5 Nxd5
16.e4 Nb6 17.Nb3 a6 18.Nxc7 Rac8 19.b5 Rxc7 20.bxc6 Na4 21.Ba1 Bxa3 22.Rb1 b5
23.Na5 Bc5 24.Rc1 Rd6 25.d4 Bxd4 26.Bxd4 Rxd4 27.Qc2 Nb6 28.Rfd1 Nc4 29.Nb3 Rxd1+
30.Qxd1 Qe8 31.Qd5+ Kh8 32.Nd2 h6 33.Nxc4 Qxc6 34.Ra1 bxc4 35.Rxa6 Qxa6 36.Qd8+ Kh7
37.Qxc7 Qa1+ 38.Kg2 Qd4  0-1

[Event "IBM"]
[Site "Amsterdam"]
[Date "1980.??.??"]
[Round "?"]
[White "Sosonko, Gennadi"]
[Black "Timman, Jan H"]
[Result "1/2-1/2"]
[WhiteElo "2545"]
[BlackElo "2600"]

1.d4 e6 2.c4 Nf6 3.g3 c5 4.d5 exd5 5.cxd5 b5 6.e4 Nxe4 7.Qe2 Qe7 8.Bg2 f5
9.Nc3 Nxc3 10.bxc3 Qxe2+ 11.Nxe2 Na6 12.O-O Rb8 13.Bf4 d6 14.Bd2 Be7 15.Nf4 Kf7
16.Rfe1 Bf6 17.Rab1 Nc7 18.a4 a6 19.Nh5 Be5 20.f4 Bf6 21.Nxf6 Kxf6 22.c4 Rb7
23.Ba5 b4 24.Bxc7 Rxc7 25.a5 Bd7 26.Bf1 Re8 27.Rxe8 Bxe8 28.Bd3 Rb7 29.Bc2 g5
30.Kf2 gxf4 31.gxf4 Rg7 32.Re1 Bd7 33.Bd1 Rg8 34.Re3 Re8 35.Rxe8 Bxe8  1/2-1/2

[Event "IBM"]
[Site "Amsterdam"]
[Date "1980.??.??"]
[Round "?"]
[White "Timman, Jan H"]
[Black "Hort, Vlastimil"]
[Result "1-0"]
[WhiteElo "2600"]
[BlackElo "2595"]

1.d4 d5 2.c4 e6 3.Nc3 Nf6 4.Bg5 Nbd7 5.e3 c6 6.Nf3 Qa5 7.Nd2 dxc4 8.Bxf6 Nxf6
9.Nxc4 Qc7 10.Be2 Be7 11.a3 Nd5 12.Rc1 O-O 13.O-O Bd7 14.b4 Rfc8 15.Qb3 Qd8
16.Rfd1 Be8 17.Bf3 Rc7 18.Ne2 Bf8 19.g3 Qe7 20.Rc2 Rd8 21.Nc1 Nb6 22.Nd3 Nxc4
23.Rxc4 f6 24.Rc3 Kh8 25.Be4 Qd6 26.Nc5 Re7 27.Qc2 h6 28.Bf3 Qb8 29.Bg4 Rd6
30.Nd3 Qd8 31.Nf4 g5 32.Nd3 Kg7 33.Qe2 Bg6 34.Nc5 Qe8 35.Bf3 a6 36.Rdc1 Qf7
37.a4 h5 38.b5 axb5 39.axb5 e5 40.dxe5 Rxe5 41.bxc6 bxc6 42.Qb2 Re7 43.Rb3 Kh7
44.Nb7 Rd2 45.Qxd2 Qxb3 46.Na5 Qf7 47.Nxc6 Rd7 48.Nd4 f5 49.Rc8 Bg7 50.Bc6 Rd6
51.Be8 Qb7 52.Qc2 Qd5 53.Bxg6+ Kxg6 54.Rc5 Qe4 55.Qxe4 fxe4 56.Nf5 Rd1+ 57.Kg2 Bf6
58.g4 hxg4  1-0

[Event "IBM"]
[Site "Amsterdam"]
[Date "1980.??.??"]
[Round "?"]
[White "Timman, Jan H"]
[Black "Larsen, Bent"]
[Result "1/2-1/2"]
[WhiteElo "2600"]
[BlackElo "2585"]

1.e4 c6 2.d4 d5 3.Nd2 dxe4 4.Nxe4 Bf5 5.Ng3 Bg6 6.h4 h6 7.Nf3 Nd7 8.h5 Bh7
9.Bd3 Bxd3 10.Qxd3 Ngf6 11.Bf4 e6 12.O-O-O Qa5 13.Kb1 Be7 14.Ne5 Rd8 15.Nc4 Qb5
16.Bc7 Rc8 17.Nd6+ Bxd6 18.Bxd6 Qxd3 19.Rxd3 Nb6 20.Bc5 Kd7 21.Rh4 Kc7 22.Ne4 Nxe4
23.Rxe4 Nd7 24.Rg4 Rh7 25.Rdg3 Rg8 26.c4 b6 27.Be7 g5 28.hxg6 Rxg6 29.Bh4 Nf8
30.Rxg6 Nxg6 31.Bf6 h5 32.Kc2 a6 33.Rh3 Nf8 34.Kd3 b5 35.c5 Nd7 36.Be5+ Kd8
37.Ke4 a5 38.Rg3 Nxe5 39.dxe5 h4 40.Rd3+ Kc7 41.Rh3 Rg7 42.Rxh4  1/2-1/2

[Event "Buenos Aires"]
[Site "Buenos Aires"]
[Date "1980.??.??"]
[Round "?"]
[White "Kavalek, Lubomir"]
[Black "Timman, Jan H"]
[Result "0-1"]
[WhiteElo "2600"]
[BlackElo "2600"]

1.e4 c5 2.Nf3 Nc6 3.d4 cxd4 4.Nxd4 Nf6 5.Nc3 d6 6.Bg5 e6 7.Qd2 Be7 8.O-O-O O-O
9.Nb3 h6 10.Bxf6 Bxf6 11.Qxd6 Bxc3 12.bxc3 Qh4 13.g3 Qf6 14.Qc5 e5 15.Bb5 Nd8
16.Qe3 Bg4 17.Rd3 Rc8 18.f3 a6 19.Bd7 Bxd7 20.Rxd7 a5 21.Rhd1 Qa6 22.R1d5 a4
23.Nc5 Qf1+ 24.Kd2 a3 25.Nd3 Qb1 26.Nc1 Nc6 27.Qd3 Qb6 28.Rb5 Qg1 29.Rbxb7 Na5
30.Rbc7 Qb6 31.Rxc8 Rxc8 32.Ke2 Nc4 33.Nb3 Qg1 34.Rd8+ Rxd8 35.Qxd8+ Kh7
36.Qd3 Qxh2+ 37.Kf1 Qh1+ 38.Kf2 Qh2+ 39.Kf1 Qh3+ 40.Kf2 Nb2 41.Qe2 Qh2+ 42.Ke3 Qxg3
43.Kd2 Qg5+ 44.Ke1 Na4 45.c4 Nc3 46.Qd3 Nxa2 47.c5 Nc1 48.Qc3 a2 49.Na1 Qg2
50.Kd1 Ne2 51.Qxe5 Qxf3 52.Kd2 Ng3 53.c6 Nxe4+ 54.Kc1 Qa3+ 55.Kd1 Qd6+ 56.Qxd6 Nxd6
57.Kc1 h5  0-1

[Event "Buenos Aires"]
[Site "Buenos Aires"]
[Date "1980.??.??"]
[Round "?"]
[White "Panno, Oscar"]
[Black "Timman, Jan H"]
[Result "1/2-1/2"]
[WhiteElo "2540"]
[BlackElo "2600"]

1.Nf3 c5 2.c4 Nf6 3.g3 Nc6 4.Bg2 d5 5.O-O d4 6.e3 e5 7.exd4 exd4 8.d3 Be7
9.Bf4 O-O 10.Ne5 Nxe5 11.Bxe5 Ng4 12.Bf4 Bd6 13.h3 Nf6 14.Bg5 h6 15.Bxf6 Qxf6
16.Nd2 Qg6 17.Re1 Kh8 18.Ne4 Be7 19.f4 Bd7 20.Kh2 Rae8 21.Nf2 Bd8 22.Qf3 Bc8
23.Qd5 Bb6 24.a3 Re3 25.Rxe3 dxe3 26.Ng4 Be6 27.Ne5 Bxd5 28.Nxg6+ fxg6 29.Bxd5 Ba5
30.Bf3 g5 31.Kg2 gxf4 32.gxf4 Rxf4 33.b4 cxb4 34.axb4 Bxb4 35.Rxa7 b6 36.Ra8+ Kh7
37.Re8 Bc5 38.Re4 Rxe4 39.Bxe4+ g6 40.Kf3 Kg7 41.Bc6 Kf6 42.Bd5 Kg5 43.Bf7 h5
44.Be8 Kf6 45.Ke2 Kg7 46.Kf3 Kh6 47.Ba4 Kg5  1/2-1/2

[Event "Buenos Aires"]
[Site "Buenos Aires"]
[Date "1980.??.??"]
[Round "?"]
[White "Timman, Jan H"]
[Black "Hort, Vlastimil"]
[Result "1/2-1/2"]
[WhiteElo "2600"]
[BlackElo "2595"]

1.d4 Nf6 2.c4 e6 3.Nf3 b6 4.g3 Ba6 5.b3 c6 6.Bg2 Bb4+ 7.Bd2 Be7 8.O-O d5
9.Qc2 Nbd7 10.Rd1 O-O 11.a4 Bd6 12.a5 Qe7 13.Bf4 Bxf4 14.gxf4 c5 15.Ne5 Rfc8
16.Qb2 cxd4 17.Rxd4 Rab8 18.Nc3 bxa5 19.cxd5 exd5 20.Nxd7 Qxd7 21.Nxd5 Nxd5
22.Rxd5 Qe6 23.e3 Bb7 24.Re5 Qf6 25.Bxb7 Rxb7 26.Raxa5 h6 27.Qb1 Qh4 28.Qd1 Rb6
29.Rh5 Rg6+  1/2-1/2

[Event "Buenos Aires"]
[Site "Buenos Aires"]
[Date "1980.??.??"]
[Round "?"]
[White "Timman, Jan H"]
[Black "Larsen, Bent"]
[Result "1/2-1/2"]
[WhiteElo "2600"]
[BlackElo "2585"]

1.c4 e6 2.Nf3 Nf6 3.Nc3 Bb4 4.Qc2 O-O 5.a3 Bxc3 6.Qxc3 d6 7.e3 e5 8.b4 Re8
9.Bb2 Nc6 10.Be2 Bg4 11.d3 a6 12.O-O d5 13.cxd5 Nxd5 14.Qc4 Qd7 15.Rfe1 Rad8
16.Rad1 Kh8 17.h3 Bh5 18.Qh4 Bg6 19.Nd2 Nb6 20.Ba1 Qe6 21.Nc4 Na4 22.Bf3 f6
23.Bxc6 Qxc6 24.Rc1 Qb5 25.d4 e4 26.Qf4 Rd7 27.Na5 c6 28.Qg4 Bf5 29.Qh5 Red8
30.Nb3 Be6 31.Qxb5 axb5 32.Nc5 Nxc5 33.dxc5 Rd3 34.Bb2 Rb3 35.Rc2 Bc4 36.Ra1 Bd3
37.Rd2 Kg8 38.f3 exf3 39.gxf3 Re8 40.e4 f5 41.Re1 Bc4 42.Kg2 Bd5 43.exd5 Rxe1
44.d6 Re8 45.Be5 Kf7 46.Bg3 Rd8 47.d7 h6 48.f4 Re3 49.Bh4 Re7 50.Bxe7 Kxe7
51.Re2+ Kxd7 52.h4 Re8 53.Rxe8 Kxe8 54.h5 Kf7 55.Kf2 Kf6 56.Kf3  1/2-1/2

[Event "Buenos Aires"]
[Site "Buenos Aires"]
[Date "1980.??.??"]
[Round "?"]
[White "Timman, Jan H"]
[Black "Ljubojevic, Ljubomir"]
[Result "1-0"]
[WhiteElo "2600"]
[BlackElo "2590"]

1.d4 Nf6 2.c4 e6 3.Nf3 d5 4.Nc3 c6 5.Bg5 dxc4 6.e4 b5 7.e5 h6 8.Bh4 g5 9.Nxg5 Nd5
10.Nxf7 Qxh4 11.Nxh8 Bb4 12.Rc1 Qe4+ 13.Be2 Nf4 14.a3 Nxg2+ 15.Kf1 Ne3+ 16.fxe3 Qxh1+
17.Kf2 Qxh2+ 18.Ke1 Be7 19.Kd2 c5 20.Nxb5 cxd4 21.Rxc4 Na6 22.Rxd4 Bc5 23.Qf1 Bxd4
24.Qf7+ Kd8 25.Nxd4 Qg2 26.Qf8+ Kd7  1-0

[Event "Bugojno"]
[Site "Bugojno"]
[Date "1980.??.??"]
[Round "1"]
[White "Tal, Mihail"]
[Black "Timman, Jan H"]
[Result "1/2-1/2"]
[WhiteElo "2705"]
[BlackElo "2600"]

1.d4 Nf6 2.c4 e6 3.g3 c5 4.Nf3 cxd4 5.Nxd4 Bb4+ 6.Nc3 O-O 7.Bg2 d5 8.cxd5 Nxd5
9.Bd2 Bxc3 10.bxc3 e5 11.Nb3 Nc6 12.O-O Nb6 13.Be3 Qc7 14.Qd3 Rd8 15.Qe4 Be6
16.Rfd1 Qe7 17.Bc5 Qf6 18.Rxd8+ Qxd8 19.Qc2 Nc4 20.Rd1 Qc7 21.Nd2 Nxd2 22.Rxd2 Qa5
23.Be3 Rc8 24.Qb2 Qa6 25.Rd6 Qxa2 26.Qxa2 Bxa2 27.Rd7 Rb8 28.Bxc6  1/2-1/2

[Event "Bugojno"]
[Site "Bugojno"]
[Date "1980.??.??"]
[Round "4"]
[White "Gligoric, Svetozar"]
[Black "Timman, Jan H"]
[Result "0-1"]
[WhiteElo "2565"]
[BlackElo "2600"]

1.d4 Nf6 2.c4 e6 3.Nc3 Bb4 4.e3 b6 5.Bd3 Bb7 6.Nf3 Ne4 7.O-O f5 8.d5 Bxc3
9.bxc3 Na6 10.Nd4 Nac5 11.Bxe4 fxe4 12.Ba3 O-O 13.Bxc5 bxc5 14.Ne2 exd5 15.Rb1 Qc8
16.cxd5 Ba6 17.Re1 Bd3 18.Rb2 Rb8 19.Rxb8 Qxb8 20.Qd2 Qb5 21.Nf4 Rb8 22.f3 Qb2
23.Rd1 Qxd2 24.Rxd2 Bc4 25.fxe4 Rb1+ 26.Kf2 Ra1 27.d6 cxd6 28.Rxd6 Rxa2+
29.Kf3 Bb5 30.Rd5 Ra5 31.Nd3 Bc6 32.Rd6 c4 33.Nb2 Rf5+ 34.Kg3 Rc5 35.Rd4 Bb5
36.e5 Kf7 37.Kf4 a5 38.Nd1 a4 39.Nf2 Bc6 40.Ne4 Bxe4 41.Kxe4 Ke7 42.Rd2 a3
43.Ra2 Ra5 44.Kd4 Ra4 45.Kc5 Ke6 46.Kb5 Ra8 47.Kxc4 Kxe5 48.Kb3 Ke4 49.Rxa3 Rxa3+
50.Kxa3 Kxe3 51.Kb4 h5 52.h4 Kf2 53.Kc5 Kxg2 54.Kd6 Kg3 55.Kxd7 Kxh4 56.c4 g5
57.c5 g4 58.c6 g3 59.c7 g2 60.c8=Q g1=Q 61.Qc3 Qg3 62.Qc1 Qg4+ 63.Kc7 Qg7+
64.Kb6 Qf6+ 65.Ka7 Qe5 66.Qg1 Kh3 67.Qh1+ Kg4 68.Qd1+ Kf4 69.Qf1+ Kg5 70.Qg2+ Kf6
71.Qf3+ Ke7 72.Qa3+ Qd6 73.Qf3 Qd4+ 74.Kb7 h4 75.Qh5 Kd6 76.Qg6+ Kc5 77.Qc6+ Kb4
78.Qg2 Qc4 79.Kb6 Qc5+ 80.Kb7 Qd4 81.Kc6 Qc3+ 82.Kd7 Qd3+ 83.Ke6 h3 84.Qh2 Kc3
85.Qe5+ Kc2 86.Qh2+ Kd1 87.Qh1+ Kd2 88.Kf6 Qe3 89.Kf5 Qf2+ 90.Ke5 Qe1+  0-1

[Event "Bugojno"]
[Site "Bugojno"]
[Date "1980.??.??"]
[Round "8"]
[White "Ljubojevic, Ljubomir"]
[Black "Timman, Jan H"]
[Result "1/2-1/2"]
[WhiteElo "2590"]
[BlackElo "2600"]

1.e4 d6 2.d4 Nf6 3.Nc3 g6 4.f4 Bg7 5.Nf3 O-O 6.e5 dxe5 7.dxe5 Qxd1+ 8.Kxd1 Nh5
9.Bc4 Bg4 10.Ne2 Bxf3 11.gxf3 Nc6 12.c3 Rad8+ 13.Kc2 Bh6 14.b4 e6 15.Rg1 Kh8
16.Rg4 Ne7 17.Ng3 Nxg3 18.hxg3 Nf5 19.Bd3 Bg7 20.Bxf5 exf5 21.Rh4 f6 22.exf6 Rxf6
23.Rh2 Kg8 24.Rd2 Re8 25.Bb2 Rfe6 26.Rad1 Kf7 27.a4 h5 28.Rd3 Re2+ 29.R1d2 Bh6
30.Rd7+ R8e7 31.Rxe2 Rxd7 32.Bc1 a6 33.Be3 Bg7 34.Rg2 Bf6 35.Rh2 Rd6 36.Bd2 b5
37.axb5 axb5 38.g4 fxg4 39.fxg4 hxg4 40.Rg2 Ke6 41.Rxg4 Kf5  1/2-1/2

[Event "Bugojno"]
[Site "Bugojno"]
[Date "1980.??.??"]
[Round "10"]
[White "Polugaevsky, Lev"]
[Black "Timman, Jan H"]
[Result "0-1"]
[WhiteElo "2635"]
[BlackElo "2600"]

1.c4 g6 2.e4 e5 3.d4 Nf6 4.Nf3 exd4 5.e5 Bb4+ 6.Bd2 Qe7 7.Bxb4 Qxb4+ 8.Qd2 Qxd2+
9.Nbxd2 Nh5 10.Nxd4 Nc6 11.Nxc6 dxc6 12.O-O-O Bf5 13.f3 Ng7 14.g4 Be6 15.Ne4 h5
16.h4 Ke7 17.Be2 Rad8 18.Rxd8 Rxd8 19.Nf6 Bc8 20.b3 Ne6 21.gxh5 Nf4 22.Bf1 gxh5
23.Rg1 Bf5 24.Rg5 Bg6 25.Ne4 Rd4 26.Ng3 Ne6 27.Nf5+ Bxf5 28.Rxf5 Rxh4 29.Kd2 Rh2+
30.Ke3 Rxa2 31.Rxh5 Rb2 32.f4 Rxb3+ 33.Ke4 Nc5+ 34.Kd4 Rf3 35.Kxc5 Rxf1 36.f5 Rf4
37.Kb4 Re4 38.e6 fxe6 39.Rh7+ Kd6  0-1

[Event "Bugojno"]
[Site "Bugojno"]
[Date "1980.??.??"]
[Round "11"]
[White "Timman, Jan H"]
[Black "Hort, Vlastimil"]
[Result "1/2-1/2"]
[WhiteElo "2600"]
[BlackElo "2595"]

1.e4 e5 2.Nf3 Nf6 3.d4 Nxe4 4.Bd3 d5 5.Nxe5 Bd6 6.O-O O-O 7.c4 c6 8.Qc2 Qh4
9.Nf3 Qh5 10.c5 Bc7 11.Bxe4 dxe4 12.Qxe4 Bg4 13.Ne5  1/2-1/2

[Event "Malta ol (Men)"]
[Site "La Valetta"]
[Date "1980.??.??"]
[Round "?"]
[White "Alvarez, Roberto"]
[Black "Timman, Jan H"]
[Result "0-1"]
[WhiteElo "2200"]
[BlackElo "2600"]

1.e4 e5 2.Nf3 Nc6 3.Bb5 a6 4.Ba4 Nf6 5.O-O Nxe4 6.d4 b5 7.Bb3 d5 8.dxe5 Be6
9.Be3 Be7 10.c3 Nc5 11.Bxc5 Bxc5 12.a4 b4 13.Qc2 Na5 14.Nbd2 O-O 15.Rac1 Rb8
16.Qd3 bxc3 17.Bc2 g6 18.bxc3 Rb6 19.Qe2 Qe7 20.Bd3 Ba3 21.Rb1 Bb2 22.c4 dxc4
23.Nxc4 Nxc4 24.Bxc4 Bxc4 25.Qxc4 Rfb8 26.Rfe1 a5 27.Rbd1 c5 28.Rd5 Rb4 29.Qc2 c4
30.Rxa5 Qc7 31.Rd5 Qc6 32.Red1 c3 33.R5d4 Rxd4 34.Nxd4 Qc4 35.Nb5 Ra8 36.Rd4 Qc5
37.Re4 Rd8 38.Nd6 Qd5 39.g3 f6 40.f4 fxe5 41.fxe5 Ba3 42.h3 Rf8 43.Rf4 Bc5+
44.Kf1 Rxf4+ 45.gxf4 Qf3+ 46.Ke1 Bf2+ 47.Kf1 Be3+  0-1

[Event "Malta ol (Men)"]
[Site "La Valetta"]
[Date "1980.??.??"]
[Round "?"]
[White "Day, Lawrence A"]
[Black "Timman, Jan H"]
[Result "1/2-1/2"]
[WhiteElo "2385"]
[BlackElo "2600"]

1.g3 d5 2.Bg2 e5 3.d3 Nf6 4.Nf3 Nc6 5.O-O Be7 6.a3 O-O 7.b4 e4 8.Nfd2 exd3
9.cxd3 Bg4 10.Nc3 Qd7 11.Re1 Ne5 12.Qb3 Be6 13.d4 Nc4 14.Qa4 c6 15.b5 Nb6
16.Qb3 c5 17.Nf3 Rac8 18.a4 Ne4 19.Bb2 Nc4 20.Rad1 Qc7 21.Ba1 Rfd8 22.Qb1 Bf5
23.Qa2 Nxc3 24.Bxc3 Bf6 25.Qa1 Qe7 26.dxc5 Bxc3 27.Qxc3 Rxc5 28.Nd4 Be4 29.Bxe4 Qxe4
30.Nb3 Rc7 31.Rd4 Qe7 32.Red1 h6 33.Qa1 Qxe2 34.Rxd5 Rxd5 35.Rxd5 Qe4 36.Rd8+ Kh7
37.Nd2 Nxd2 38.Rxd2 Rc4 39.a5 Rb4 40.Qf1 Qf5 41.Qd3 Qxd3 42.Rxd3 Rxb5 43.a6 bxa6
44.Rd7 Kg6 45.Rxa7 Rb6 46.g4 Kf6 47.Kg2 Ke6 48.Kg3 g5 49.h4 f6 50.Rh7 Rb3+
51.f3 gxh4+ 52.Kf4 a5 53.Rxh6 Rb5 54.Rxh4 a4 55.Rh2 a3 56.Re2+ Re5 57.Ra2 Ra5
58.Kg3 Kd5 59.Kh4 Kc4 60.f4 Kb3 61.Ra1 Kb2 62.Rf1 a2 63.g5 fxg5+ 64.fxg5 a1=Q
65.Rxa1 Rxa1 66.g6 Rg1 67.Kh5 Kc3 68.Kh6 Kd4 69.g7 Ke5 70.Kh7 Kf6 71.g8=N+ Kf7
72.Nh6+ Ke7 73.Ng8+ Ke6 74.Nh6 Rg5 75.Ng8 Kf7 76.Nh6+ Kf8 77.Kh8 Rg6 78.Kh7 Rg7+
79.Kh8 Ra7 80.Ng4 Rb7 81.Nh6 Rg7 82.Nf5 Rg6 83.Kh7 Kf7 84.Nh6+ Kf6 85.Ng8+ Kg5
86.Kh8 Ra6 87.Kg7 Ra7+ 88.Kf8 Kg6 89.Ne7+ Kf6 90.Ng8+ Ke6 91.Nh6 Rh7 92.Ng8 Rf7+
93.Ke8 Rf5  1/2-1/2

[Event "Malta ol (Men)"]
[Site "La Valetta"]
[Date "1980.??.??"]
[Round "?"]
[White "Gheorghiu, Florin"]
[Black "Timman, Jan H"]
[Result "0-1"]
[WhiteElo "2605"]
[BlackElo "2600"]

1.d4 Nf6 2.c4 e6 3.Nc3 Bb4 4.Qc2 O-O 5.a3 Bxc3+ 6.Qxc3 b6 7.Bg5 Bb7 8.e3 d6
9.f3 Nbd7 10.Bd3 c5 11.Ne2 Rc8 12.O-O Ba6 13.b4 cxd4 14.Qxd4 h6 15.Bxf6 Qxf6
16.Qxf6 Nxf6 17.Rac1 Nd7 18.Rfd1 Ne5 19.b5 Bb7 20.f4 Nxd3 21.Rxd3 Rfd8 22.Rdc3 Rc5
23.Nd4 Rdc8 24.Nb3 R5c7 25.a4 Bd5 26.Nd2 f5 27.Kf2 Kf7 28.g3 Ke7 29.Ke2 e5
30.Kd3 Be6 31.a5 g5 32.Nb3 Kf6 33.R3c2 Bf7 34.Nd2 d5 35.fxe5+ Kxe5 36.cxd5 Rxc2
37.Rxc2 Rxc2 38.Kxc2 Kxd5 39.axb6 axb6 40.Kc3 Bh5 41.Nb3 Be8 42.Kb4 Ke4 43.Nd2+ Kxe3
44.Nc4+ Ke2 45.Nxb6 f4 46.gxf4 gxf4 47.Nd5 f3 48.Nc3+ Ke1 49.Ne4 f2 50.Nxf2 Kxf2
51.Kc5 Bd7 52.b6 Bc8 53.Kd6 h5  0-1

[Event "Malta ol (Men)"]
[Site "La Valetta"]
[Date "1980.??.??"]
[Round "?"]
[White "Pfleger, Helmut"]
[Black "Timman, Jan H"]
[Result "1/2-1/2"]
[WhiteElo "2525"]
[BlackElo "2600"]

1.Nf3 c5 2.c4 Nf6 3.g3 d5 4.cxd5 Nxd5 5.Bg2 Nc6 6.O-O e5 7.Nc3 Be6 8.Ng5 Qxg5
9.Nxd5 Qd8 10.e4 Bd6 11.d3 O-O 12.f4 exf4 13.Bxf4 Bxf4 14.Rxf4 Qd6 15.Qh5 Bxd5
16.exd5 Nd4 17.Raf1 g6 18.Qd1 f5 19.b4 Rae8 20.bxc5 Qxc5 21.Kh1 b5 22.g4 a5
23.gxf5 Rxf5 24.Rxf5 Nxf5 25.Qc1 Qxc1 26.Rxc1 b4 27.Kg1 Re2 28.Rc6 Kf7 29.d6 Ke6
30.Ra6 Re5 31.Kf2 Rc5 32.Ke1 Nxd6 33.Bh3+ Ke7 34.Ra7+ Kf6 35.Ra6 Ke7 36.Ra7+ Kf8
37.Rxh7 Nf7 38.Bg2 a4 39.Rh4 Rc2 40.Bd5 Ne5 41.d4 Nc4 42.Rh8+ Ke7 43.Rc8 Ne3
44.Rxc2 Nxc2+ 45.Kd2 Nxd4 46.Kd3 Nb5 47.Kc4 Nc3 48.Bc6 Kd6 49.Be8 Nxa2 50.Bxg6 Ke5
51.Bc2 a3 52.Bb3 Nc1  1/2-1/2